Statistics for English Football Teams Starting With 'M'

Click here to take the quiz!

General Stats

  • This quiz has been taken 23 times
  • The average score is 6 of 8

Answer Stats

Answer% Correct
Manchester City
100%
Manchester United
100%
Middlesbrough
83%
Mansfield Town
70%
Macclesfield Town
61%
Millwall
61%
Morecambe
52%
MK Dons
43%

Score Distribution

Percentile by Number Answered

Percent of People with Each Score

Your Score History

You have not taken this quiz